| 000 | 00750 a2200217 4500 | ||
|---|---|---|---|
| 020 | _a0875841279 | ||
| 020 | _a9780875841274 | ||
| 082 | 0 | 4 | _a658.15 |
| 090 |
_c2496 _d2496 |
||
| 100 | 1 | _aDonaldson, Gordon. | |
| 245 | 1 | 0 |
_aStrategy for financial mobility / _cGordon Donaldson. |
| 250 | _aRevised Edition ed. | ||
| 260 |
_a[S.l.] : _bHarvard Business Press, _c1986. |
||
| 300 |
_a343 p. ; _c24 cm. |
||
| 490 | 1 | _aHarvard business school classics. | |
| 500 | _aPaperback. | ||
| 830 | 0 | _aHarvard business school classics. | |
| 856 | 4 | 0 |
_3Amazon.com _uhttp://www.amazon.com/exec/obidos/ASIN/0875841279/chopaconline-20 |
| 856 | 4 | 0 |
_3Amazon customer reviews _uhttp://www.chopac.org/cgi-bin/tools/azrev.pl?q=0875841279 |
| 942 |
_aNBS _cBK _k658.15 DON |
||
| 999 |
_c344993 _d344993 |
||